Lego Friends Characters by Picture - Statistics

General Stats
  • This quiz has been taken 23 times
  • The average score is 12 of 18
Answer Stats
Picture Answer % Correct
Emma
100%
Mia
100%
Stephanie
95%
Emma
90%
Mia
90%
Olivia
90%
Andrea
86%
Olivia
86%
Stephanie
86%
Andrea
76%
Nova
52%
Autumn
48%
Paisley
43%
Leo
38%
Aliya
33%
Liann
33%
Olly
29%
Zac
24%
No matching quizzes found
Score Distribution
Percent of People with Each Score
Percentile by Number Answered
Your Score History
You have not taken this quiz